Statistiken für Kader VfB Stuttgart

Klicken Sie hier um das Quiz zu spielen!

Allgemein

  • Dieses Quiz wurde 36 mal gespielt
    (25 seit der letzten Aktualisierung)
  • Das Durchschnittsergebnis liegt bei 22 aus 32

Antwortstatistiken

NummerSpieler% Korrekt
9Guirassy
100%
2Anton
95%
27Führich
95%
4Vagnoman
95%
1Bredlow
90%
16Karazor
90%
14Silas
90%
7Mittelstädt
85%
33Nübel
85%
23Zagadou
85%
3Endo
80%
24Sosa
80%
25Egloff
75%
21Ito
75%
10Jeong
75%
18Leweling
75%
5Mavropanos
75%
8Millot
75%
15Stenzel
75%
41Seimen
70%
26Undav
65%
28Nartey
60%
17Haraguchi
55%
32Massimo
55%
42Schock
55%
22Kastanaras
50%
19Milosevic
45%
36Ulrich
45%
20Pfeiffer
40%
44Sankoh
40%
31Gil Dias
35%
35Mola
25%

Verteilung der Resultate

Perzentil nach korrekt beantworteten Fragen

Anzahl Personen mit jedem Resultat

Ihre Resultats-Entwicklung

Sie haben dieses Quiz seit der letzten Aktualisierung nicht gespielt